000 00919nam a22003017a 4500
001 BR2012001115
003 BR-BrBNA
005 20230928103855.0
007 ta
008 230509b bl.||||| |||| 00| 0 por d
040 _aBR-BrBNA
_bpor
_cBiblioteca Nacional de Agricultura
041 _a(Por)
072 _aL70
_b5600
_b4110
_b3888
090 _ 5600 BR2012001115
100 1 _aLima, E.H.M.
110 1 _aUniversidade Federal de Minas Gerais, Belo Horizonte (Brasil). Escola de Veterinária
_0Tese (Mestre em Medicina Veterinária)
245 1 _aAvaliação da eficiência de vacinas antitetânicas de uso veterinário
260 3 _aBelo Horizonte, MG (Brasil):
_c2006.
300 _a18 p.
500 _aSummaries (Eng, Por); 27 ref.
650 _aCOELHO
650 _aCOBAIA
650 _aTÉTANO
650 _aBACTÉRIA
650 _aVACINA
909 _a202309
_bLucia
_c55
_dLucia Elande
942 _cBK
999 _c77027
_d77027